000 00542nam a2200217 a 4500
999 _c4404
_d4404
001 4404
003 BD-JhCC
005 20171127094518.0
008 171127s19651966e |||| || | 000 0 eng d
035 _a(BD-JhCC)4404
040 _aBD-JhCC
_dBD-JhCC
041 _aeng
082 _a823.5
_bSWI 1966
100 _aSwift, Jonathan
245 _aGulliver's Travels /
_cJonathan Swift,
260 _aLondon :
_bBancroft & Co. (Publishers),
_c1966
300 _a126 p. :
_c20 cm.
650 _aTravelers
942 _2ddc
_cBK